000 00671cam a2200217 i 4500
005 20251210113954.0
008 250721s2007 ku gr 000 0 ara d
020 _a9789990661941
082 1 4 _a216.25
_bس و ي
100 1 _aالسوبدان، طارق
_eمؤلف.
245 1 0 _aأسرار الحج و العمرة /
_cد. طارق السويدان.
250 _aالطبعة الاولى.
264 3 1 _aالكويت :
_bالإبداع الفكري،
_c2007.
300 _a166صفحة.
650 1 7 _aالاسلام.
650 1 7 _aالعباده.
650 1 7 _aالحج.
650 1 7 _aالعمره.
942 _2ddc
_cBK
999 _c116648
_d116648